000 02451nam a2200301 a 4500
008 120416s1974 ||||||||||||||||| || u
050 _aHD 31 Bat
100 _aBatty, Joseph, 1929-
245 1 0 _aIndustrial administration and management
250 _a3rd edition
260 _aLondon
_bELBS
_c1974
350 _a0.00
650 0 _aMANAGEMENT
650 _aINDUSTRIAL ADMINISTRATION
995 _aTEXTBOOKS (COMP.SCIENCE)
_D0.00
_e3049
_FCBU-SCHOOL TEXTBOOK COLLECTIONS
_H1
_I0.00
_jSCHOOL TEXTBOOK
_M12
_UAVAILABLE
_WJul 16, 2009
_y3049
_ZSchool Collections
995 _aTEXTBOOKS (COMP.SCIENCE)
_D0.00
_e3048
_FCBU-SCHOOL TEXTBOOK COLLECTIONS
_H1
_I0.00
_jSCHOOL TEXTBOOK
_M11
_UAVAILABLE
_WJul 16, 2009
_y3048
_ZSchool Collections
995 _aBINDERY (DAMAGED)
_D0.00
_e711862
_FCBU-MAIN LIBRARY (Kitwe)
_H2
_I6.50
_jHD 31 Bat
_M3
_UDAMAGED
_y000303
_ZMain Library Open Access Collection
995 _aTEXTBOOKS (COMP.SCIENCE)
_D0.00
_e3047
_FCBU-SCHOOL TEXTBOOK COLLECTIONS
_H1
_I0.00
_jSCHOOL TEXTBOOK
_M10
_UAVAILABLE
_WJul 16, 2009
_y3047
_ZSchool Collections
995 _aTEXTBOOKS (COMP.SCIENCE)
_D0.00
_e3046
_FCBU-SCHOOL TEXTBOOK COLLECTIONS
_H1
_I0.00
_jSCHOOL TEXTBOOK
_M9
_UAVAILABLE
_WJul 16, 2009
_y3046
_ZSchool Collections
995 _aBINDERY (DAMAGED)
_D0.00
_e717749
_FCBU-MAIN LIBRARY (Kitwe)
_H7
_I6.50
_jHD 31 Bat
_M7
_UDAMAGED
_y42330
_ZMain Library Open Access Collection
995 _aBINDERY (DAMAGED)
_D0.00
_e711861
_FCBU-MAIN LIBRARY (Kitwe)
_H1
_I6.50
_jHD 31 Bat
_M4
_UDAMAGED
_y000304
_ZMain Library Open Access Collection
995 _aBINDERY (DAMAGED)
_D0.00
_e711859
_FCBU-MAIN LIBRARY (Kitwe)
_H5
_I6.50
_jHD 31 Bat
_M2
_UDAMAGED
_y000302
_ZMain Library Open Access Collection
995 _aMAIN LIBRARY OPEN ACCESS
_e744707
_FCBU-MAIN LIBRARY (Kitwe)
_I0.00
_jHD 31 Bat
_UAVAILABLE
_WFeb 11, 2014
_y744707
_ZMain Library Open Access Collection
995 _aMAIN LIBRARY OPEN ACCESS
_D0.00
_e716175
_FCBU-MAIN LIBRARY (Kitwe)
_H3
_I6.50
_jHD 31 Bat
_M1
_UAVAILABLE
_y000301
_ZMain Library Open Access Collection
995 _aTEXTBOOKS (COMP.SCIENCE)
_D0.00
_e3045
_FCBU-SCHOOL TEXTBOOK COLLECTIONS
_H1
_I0.00
_jSCHOOL TEXTBOOK
_M8
_UAVAILABLE
_WJul 16, 2009
_y3045
_ZSchool Collections
995 _aBINDERY (DAMAGED)
_D0.00
_e721893
_FCBU-MAIN LIBRARY (Kitwe)
_H6
_I6.50
_jHD 31 Bat
_M5
_UDAMAGED
_y008090
_ZMain Library Open Access Collection
995 _aMAIN LIBRARY OPEN ACCESS
_D0.00
_e711860
_FCBU-MAIN LIBRARY (Kitwe)
_H4
_I6.50
_jHD 31 Bat
_M6
_ULOST
_y0000000
_ZMain Library Open Access Collection
999 _c76480
_d76480